| 000 | 01058nam a2200229 a 4500 | ||
|---|---|---|---|
| 003 | 0 | ||
| 005 | 20250609084137.0 | ||
| 008 | 021121s19uu xx 00 eng d | ||
| 010 | _a- | ||
| 050 |
_aPGS PE 1128.A2 _b.M963 2000 |
||
| 100 | _aMun, Jaewon. | ||
| 245 | 4 |
_aA survey on the language related difficulties encountered by grade school non-English speaking foreign students of Southville International School school 1999-2000 / _cJaewon Mun. |
|
| 260 |
_aLas Piñas City, Philippines : _bSouthville International School and Colleges, _c2000. |
||
| 300 |
_a43 pages : _bcolored illustrations ; _c28 cm. |
||
| 504 | _aIncludes bibliographical references. | ||
| 650 |
_aEnglish language _vStudy and teaching _vForeign speakers _zPhilippines. |
||
| 650 |
_aNon-native English speakers _vEducation _zPhilippines. |
||
| 650 |
_aForeign students _zPhilippines _vElementary education. |
||
| 650 |
_aLanguage acquisition _vPhilippines. _zPhilippines. |
||
| 650 | _aSouthville International School and Colleges (Las Piñas City, Philippines) | ||
| 942 |
_2lcc _cPASS |
||
| 999 |
_c96336 _d96336 |
||